[Event "V4Liptov2018"]
[Site "?"]
[Date "2018.06.24"]
[Round "4.22"]
[White "Zlotov, Viktor"]
[Black "Paprocki, Stanislaw"]
[Result "0-1"]
[BlackElo "1864"]
[WhiteElo "1630"]
[LiveChessVersion "1.4.8"]

1. e4 {[%clk 1:00:58]} c5 {[%clk 1:00:57]} 2. Nf3 {[%clk 1:01:24]} d6
{[%clk 1:01:14]} 3. d4 {[%clk 1:01:49]} cxd4 4. Nxd4 {[%clk 1:02:09]} Nf6
{[%clk 1:01:43]} 5. Nc3 {[%clk 1:02:30]} a6 {[%clk 1:01:50]} 6. Be2
{[%clk 1:01:53]} e5 {[%clk 1:01:28]} 7. Nb3 {[%clk 1:00:52]} Be6 {[%clk 1:00:52]}
8. Be3 {[%clk 0:58:46]} Be7 {[%clk 1:01:00]} 9. h3 {[%clk 0:58:30]} O-O
{[%clk 1:01:04]} 10. Qd2 {[%clk 0:57:58]} a5 {[%clk 0:58:21]} 11. a4
{[%clk 0:53:18]} Nc6 {[%clk 0:56:11]} 12. O-O {[%clk 0:52:46]} Nb4
{[%clk 0:55:16]} 13. f4 {[%clk 0:47:47]} exf4 {[%clk 0:52:38]} 14. Rxf4
{[%clk 0:47:24]} Rc8 {[%clk 0:52:49]} 15. Rc1 {[%clk 0:46:59]} d5
{[%clk 0:48:18]} 16. exd5 {[%clk 0:44:38]} Nfxd5 {[%clk 0:48:26]} 17. Nxd5
{[%clk 0:41:14]} Qxd5 {[%clk 0:47:10]} 18. Rd4 {[%clk 0:38:47]} Qe5
{[%clk 0:46:26]} 19. Bf4 {[%clk 0:33:52]} Qf6 {[%clk 0:45:53]} 20. c4
{[%clk 0:32:43]} Nc6 {[%clk 0:44:35]} 21. Rd3 {[%clk 0:30:36]} Bb4
{[%clk 0:44:30]} 22. Qe3 {[%clk 0:28:53]} Rfe8 {[%clk 0:44:14]} 23. Qf3
{[%clk 0:25:27]} Bf5 {[%clk 0:40:04]} 24. Rdd1 {[%clk 0:21:20]} Qxb2
{[%clk 0:40:13]} 25. Bd2 {[%clk 0:19:32]} Qe5 {[%clk 0:36:58]} 26. Bxb4
{[%clk 0:18:43]} Nxb4 {[%clk 0:34:46]} 27. Nd4 {[%clk 0:15:44]} Be4
{[%clk 0:34:23]} 28. Qf2 {[%clk 0:12:52]} Na2 {[%clk 0:30:55]} 29. Bh5
{[%clk 0:11:18]} Qxh5 {[%clk 0:26:59]} 30. Qxa2 {[%clk 0:11:35]} Rcd8
{[%clk 0:24:32]} 31. Qf2 {[%clk 0:11:09]} Rd6 {[%clk 0:24:12]} 32. Re1
{[%clk 0:08:19]} f5 {[%clk 0:22:52]} 33. c5 {[%clk 0:06:16]} Rg6 {[%clk 0:22:52]}
34. Nf3 {[%clk 0:06:34]} Ree6 {[%clk 0:21:43]} 35. Nh4 {[%clk 0:04:18]} Rh6
{[%clk 0:19:49]} 36. Rxe4 {[%clk 0:02:13]} fxe4 {[%clk 0:19:36]} 37. Rf1
{[%clk 0:01:53]} Rhf6 {[%clk 0:19:52]} 38. Nf5 {[%clk 0:01:26]} e3
{[%clk 0:19:50]} 39. Qa2 {[%clk 0:00:44]} e2 {[%clk 0:19:55]} 0-1

[Event "V4Liptov2018"]
[Site "?"]
[Date "2018.06.24"]
[Round "4.23"]
[White "Paprocki, Antoni"]
[Black "Grimm, Balazs"]
[Result "0-1"]
[BlackElo "1731"]
[WhiteElo "1804"]
[LiveChessVersion "1.4.8"]

1. e4 {[%clk 1:00:58]} c5 {[%clk 1:00:55]} 2. Nf3 {[%clk 1:01:22]} Nc6
{[%clk 1:01:19]} 3. d4 {[%clk 1:01:39]} cxd4 {[%clk 1:01:45]} 4. Nxd4
{[%clk 1:02:04]} g6 {[%clk 1:02:11]} 5. Nc3 {[%clk 1:02:03]} Bg7 {[%clk 1:02:36]}
6. Be3 {[%clk 1:02:27]} Nf6 {[%clk 1:02:56]} 7. Bc4 {[%clk 1:02:27]} O-O
{[%clk 1:03:18]} 8. Bb3 {[%clk 1:02:28]} d6 {[%clk 1:03:39]} 9. f3
{[%clk 1:02:44]} Bd7 {[%clk 1:02:49]} 10. Qd2 {[%clk 1:02:50]} h5
{[%clk 1:02:21]} 11. O-O-O {[%clk 1:02:38]} Ne5 {[%clk 1:02:34]} 12. h4
{[%clk 1:01:58]} Rc8 {[%clk 1:02:04]} 13. Kb1 {[%clk 1:00:27]} Nc4
{[%clk 0:52:08]} 14. Bxc4 {[%clk 1:00:38]} Rxc4 {[%clk 0:52:32]} 15. Nd5
{[%clk 0:55:15]} Nxd5 {[%clk 0:50:52]} 16. exd5 {[%clk 0:55:37]} Qc7
{[%clk 0:50:03]} 17. c3 {[%clk 0:55:24]} b5 {[%clk 0:44:47]} 18. Bh6
{[%clk 0:40:41]} Bxd4 {[%clk 0:39:31]} 19. Bxf8 {[%clk 0:35:02]} Bf6
{[%clk 0:39:47]} 20. Bh6 {[%clk 0:34:45]} Bf5+ {[%clk 0:40:11]} 21. Ka1
{[%clk 0:31:42]} b4 {[%clk 0:40:09]} 22. Rc1 {[%clk 0:26:07]} bxc3
{[%clk 0:40:19]} 23. Rxc3 {[%clk 0:26:06]} Rxc3 {[%clk 0:40:41]} 24. Rc1
{[%clk 0:26:30]} Rxc1+ {[%clk 0:40:29]} 25. Qxc1 {[%clk 0:26:54]} Qxc1+
{[%clk 0:40:55]} 26. Bxc1 {[%clk 0:27:04]} Bxh4 {[%clk 0:41:20]} 27. Be3
{[%clk 0:27:25]} a6 {[%clk 0:41:40]} 28. a3 {[%clk 0:27:44]} Bd3 {[%clk 0:41:59]}
29. b3 {[%clk 0:27:48]} Bf1 {[%clk 0:42:23]} 30. g4 {[%clk 0:28:08]} hxg4 31.
fxg4 {[%clk 0:28:29]} g5 {[%clk 0:42:59]} 32. b4 {[%clk 0:28:46]} Bh3
{[%clk 0:42:51]} 33. a4 {[%clk 0:29:06]} Bxg4 {[%clk 0:43:17]} 34. b5
{[%clk 0:29:23]} axb5 {[%clk 0:43:43]} 35. axb5 {[%clk 0:29:38]} Bf3
{[%clk 0:44:02]} 36. b6 {[%clk 0:29:33]} Bxd5 {[%clk 0:44:28]} 37. Kb2
{[%clk 0:29:50]} f5 {[%clk 0:44:51]} 38. Kc3 {[%clk 0:30:00]} e5 {[%clk 0:45:15]}
39. Kb4 {[%clk 0:30:18]} f4 {[%clk 0:45:32]} 40. Bg1 {[%clk 0:30:31]} g4
{[%clk 0:45:29]} 41. Ka5 {[%clk 0:30:55]} f3 {[%clk 0:45:46]} 42. Ka6
{[%clk 0:31:19]} f2 {[%clk 0:46:08]} 43. Bxf2 {[%clk 0:31:19]} Bxf2
{[%clk 0:46:34]} 44. b7 {[%clk 0:31:42]} Bxb7+ {[%clk 0:47:01]} 45. Kxb7
{[%clk 0:31:59]} g3 {[%clk 0:47:27]} 46. Kc6 {[%clk 0:32:23]} Bc5
{[%clk 0:47:47]} 47. Kb5 {[%clk 0:32:42]} g2 {[%clk 0:48:13]} 48. Kc6
{[%clk 0:33:03]} g1=Q {[%clk 0:48:37]} 49. Kd7 {[%clk 0:33:21]} Kf7
{[%clk 0:48:53]} 50. Kc6 {[%clk 0:33:42]} Ke6 {[%clk 0:49:15]} 51. Kc7
{[%clk 0:33:59]} Qb1 {[%clk 0:48:34]} 52. Kc8 {[%clk 0:34:12]} e4
{[%clk 0:48:59]} 53. Kc7 {[%clk 0:34:33]} Qb6+ {[%clk 0:49:17]} 54. Kc8
{[%clk 0:34:53]} Qa7 {[%clk 0:49:41]} 55. Kd8 {[%clk 0:35:12]} Qd7#
{[%clk 0:50:06]} 0-1

[Event "V4Liptov2018"]
[Site "?"]
[Date "2018.06.24"]
[Round "4.24"]
[White "Kovacs, Lilla"]
[Black "Pudelko, Magdalena"]
[Result "1/2-1/2"]
[BlackElo "1251"]
[WhiteElo "1640"]
[LiveChessVersion "1.4.8"]

1. d4 {[%clk 1:00:30]} d5 {[%clk 1:00:30]} 2. c4 {[%clk 1:00:30]} c6
{[%clk 1:00:30]} 3. Nc3 {[%clk 1:00:39]} Nf6 {[%clk 1:00:53]} 4. e3
{[%clk 0:59:45]} Bf5 {[%clk 1:01:10]} 5. Nf3 {[%clk 0:59:48]} dxc4
{[%clk 1:00:47]} 6. Bxc4 {[%clk 0:59:39]} e6 {[%clk 1:00:41]} 7. O-O
{[%clk 0:59:28]} Bd6 {[%clk 1:00:37]} 8. Re1 {[%clk 0:58:44]} O-O
{[%clk 1:00:43]} 9. e4 {[%clk 0:56:53]} b5 {[%clk 0:59:03]} 10. exf5
{[%clk 0:40:30]} bxc4 {[%clk 0:59:24]} 11. fxe6 {[%clk 0:40:47]} fxe6
{[%clk 0:59:20]} 12. Rxe6 {[%clk 0:39:32]} Nd5 {[%clk 0:59:17]} 13. a3
{[%clk 0:36:13]} Nb6 {[%clk 0:57:52]} 14. Qc2 {[%clk 0:31:07]} Bf4
{[%clk 0:56:30]} 15. Bxf4 {[%clk 0:29:55]} Rxf4 {[%clk 0:56:32]} 16. Rae1
{[%clk 0:29:39]} Rf8 {[%clk 0:56:28]} 17. Na4 {[%clk 0:26:56]} Qd5
{[%clk 0:50:22]} 18. Nxb6 {[%clk 0:26:46]} axb6 {[%clk 0:50:12]} 19. R1e5
{[%clk 0:25:31]} Qd8 {[%clk 0:50:15]} 20. Qxc4 {[%clk 0:23:53]} Kh8
{[%clk 0:50:27]} 21. Qc2 {[%clk 0:19:51]} Nd7 {[%clk 0:49:15]} 22. Re1
{[%clk 0:18:38]} c5 {[%clk 0:48:46]} 23. dxc5 {[%clk 0:18:09]} Nxc5
{[%clk 0:48:55]} 24. Re7 {[%clk 0:16:33]} Rc8 {[%clk 0:47:16]} 25. R7e3
{[%clk 0:05:58]} Qf6 {[%clk 0:38:53]} 26. Qe2 {[%clk 0:04:53]} Qg6
{[%clk 0:37:21]} 27. Ne5 {[%clk 0:03:28]} Qf6 {[%clk 0:35:43]} 28. Rf3
{[%clk 0:02:48]} Qh4 {[%clk 0:25:17]} 29. Rxf8+ {[%clk 0:02:20]} Rxf8
{[%clk 0:24:35]} 30. Nf3 {[%clk 0:02:41]} Qf6 {[%clk 0:23:49]} 31. Qe7
{[%clk 0:01:18]} Qxe7 {[%clk 0:21:32]} 32. Rxe7 {[%clk 0:01:43]} Nd3
{[%clk 0:20:50]} 33. b4 {[%clk 0:01:51]} Rc8 {[%clk 0:19:46]} 34. g3
{[%clk 0:01:33]} h6 {[%clk 0:20:08]} 35. Rd7 {[%clk 0:00:59]} Rc3
{[%clk 0:19:29]} 36. Rd8+ {[%clk 0:01:08]} Kh7 {[%clk 0:19:36]} 37. Kf1
{[%clk 0:00:58]} Rxa3 {[%clk 0:18:28]} 38. Ne1 {[%clk 0:01:06]} Nxb4
{[%clk 0:16:37]} 39. Rd4 {[%clk 0:01:09]} Rb3 {[%clk 0:14:47]} 40. Rd6
{[%clk 0:01:33]} Na2 {[%clk 0:13:15]} 41. Nd3 {[%clk 0:01:28]} Nc3
{[%clk 0:12:16]} 42. Kg2 {[%clk 0:00:45]} 1/2-1/2

[Event "V4Liptov2018"]
[Site "?"]
[Date "2018.06.24"]
[Round "4.25"]
[White "Sankova, Stella"]
[Black "Chwistek, Karel"]
[Result "1-0"]
[BlackElo "2045"]
[WhiteElo "2102"]
[LiveChessVersion "1.4.8"]

1. e4 {[%clk 1:00:58]} c5 {[%clk 1:00:55]} 2. Nc3 {[%clk 1:01:26]} Nc6
{[%clk 1:01:18]} 3. f4 {[%clk 1:01:52]} g6 {[%clk 1:01:40]} 4. Nf3
{[%clk 1:02:18]} Bg7 {[%clk 1:02:07]} 5. Bb5 {[%clk 1:02:43]} Nd4
{[%clk 1:01:47]} 6. O-O {[%clk 1:03:08]} Nxb5 {[%clk 1:01:28]} 7. Nxb5
{[%clk 1:03:35]} d5 {[%clk 1:00:10]} 8. exd5 {[%clk 1:04:00]} a6 {[%clk 1:00:34]}
9. Nc3 {[%clk 1:04:27]} Nf6 {[%clk 1:00:54]} 10. d4 {[%clk 1:04:53]} Nxd5
{[%clk 1:01:13]} 11. dxc5 {[%clk 1:05:17]} Nxc3 {[%clk 1:01:21]} 12. Qxd8+
{[%clk 1:05:42]} Kxd8 {[%clk 1:01:47]} 13. bxc3 {[%clk 1:06:09]} Bxc3
{[%clk 1:01:58]} 14. Rb1 {[%clk 1:06:36]} Kc7 {[%clk 1:01:50]} 15. Rb3
{[%clk 1:06:59]} Bg7 {[%clk 1:00:52]} 16. Bd2 {[%clk 1:06:28]} Be6
{[%clk 0:56:43]} 17. Ba5+ {[%clk 1:06:38]} Kc6 {[%clk 0:51:28]} 18. Rb6+
{[%clk 1:05:44]} Kxc5 {[%clk 0:51:52]} 19. Nd2 {[%clk 1:04:21]} Rab8
{[%clk 0:44:14]} 20. Rd1 {[%clk 0:59:25]} Bd5 {[%clk 0:34:05]} 21. c4
{[%clk 0:58:13]} Bc6 {[%clk 0:33:57]} 22. g4 {[%clk 0:35:21]} f5 {[%clk 0:29:38]}
23. Rb4 {[%clk 0:31:52]} Bf3 {[%clk 0:18:20]} 24. Nxf3 {[%clk 0:25:32]} b6
{[%clk 0:12:58]} 25. Rdb1 {[%clk 0:24:52]} fxg4 {[%clk 0:10:54]} 26. Ne5
{[%clk 0:22:57]} 1-0

[Event "V4Liptov2018"]
[Site "?"]
[Date "2018.06.24"]
[Round "4.26"]
[White "Havel, Kristian"]
[Black "Bielik, Jakub"]
[Result "0-1"]
[BlackElo "1975"]
[WhiteElo "1522"]
[LiveChessVersion "1.4.8"]

1. d4 {[%clk 1:00:58]} e6 {[%clk 1:00:56]} 2. Bf4 {[%clk 1:01:21]} d5
{[%clk 1:01:19]} 3. e3 {[%clk 1:01:42]} Nf6 {[%clk 1:01:30]} 4. c3
{[%clk 1:01:54]} Be7 {[%clk 1:01:16]} 5. Nd2 {[%clk 1:02:15]} Nbd7
{[%clk 1:00:53]} 6. Bd3 {[%clk 1:02:34]} b6 {[%clk 1:00:58]} 7. e4
{[%clk 1:02:40]} dxe4 {[%clk 1:00:50]} 8. Nxe4 {[%clk 1:02:57]} Bb7
{[%clk 1:01:13]} 9. Qe2 {[%clk 1:03:01]} O-O {[%clk 1:01:05]} 10. f3
{[%clk 1:02:20]} c5 {[%clk 0:48:43]} 11. dxc5 {[%clk 0:59:48]} Nxe4
{[%clk 0:47:53]} 12. Bxe4 {[%clk 0:58:55]} Bxe4 {[%clk 0:48:14]} 13. Qxe4
{[%clk 0:57:12]} Nxc5 {[%clk 0:48:25]} 14. Qe3 {[%clk 0:55:07]} Nd3+
{[%clk 0:48:10]} 15. Ke2 {[%clk 0:55:14]} Nxb2 {[%clk 0:47:31]} 16. Nh3
{[%clk 0:52:54]} Qc8 {[%clk 0:44:20]} 17. Nf2 {[%clk 0:49:08]} Qc4+
{[%clk 0:43:17]} 18. Ke1 {[%clk 0:49:10]} Rfd8 {[%clk 0:42:33]} 19. h4
{[%clk 0:44:58]} Bc5 {[%clk 0:41:30]} 20. Qe4 {[%clk 0:43:44]} Qxc3+
{[%clk 0:41:24]} 21. Kf1 {[%clk 0:44:00]} Nd3 {[%clk 0:35:24]} 0-1

[Event "V4Liptov2018"]
[Site "?"]
[Date "2018.06.24"]
[Round "4.27"]
[White "Zahorcek, Jakub"]
[Black "Gemsova, Tereza"]
[Result "0-1"]
[BlackElo "1578"]
[WhiteElo "1579"]
[LiveChessVersion "1.4.8"]

1. e4 {[%clk 1:00:57]} e5 {[%clk 1:00:44]} 2. Nf3 {[%clk 1:01:23]} Nc6
{[%clk 1:00:54]} 3. d4 {[%clk 1:01:46]} exd4 {[%clk 1:01:02]} 4. Nxd4
{[%clk 1:02:06]} Bc5 {[%clk 1:01:17]} 5. Nxc6 {[%clk 1:02:18]} Qf6
{[%clk 1:01:13]} 6. Qd2 {[%clk 1:02:26]} Qxc6 {[%clk 1:01:12]} 7. Bd3
{[%clk 1:02:46]} Nf6 {[%clk 0:59:13]} 8. O-O {[%clk 1:02:00]} d6 {[%clk 0:57:25]}
9. Nc3 {[%clk 1:01:27]} a6 {[%clk 0:57:39]} 10. Kh1 {[%clk 1:01:38]} O-O
{[%clk 0:53:19]} 11. f4 {[%clk 1:00:52]} Re8 {[%clk 0:50:26]} 12. Qe2
{[%clk 0:59:33]} Bg4 {[%clk 0:47:31]} 13. Qe1 {[%clk 0:58:07]} Bb4
{[%clk 0:45:30]} 14. Bd2 {[%clk 0:50:42]} Bxc3 {[%clk 0:37:36]} 15. Bxc3
{[%clk 0:50:54]} Nxe4 {[%clk 0:36:32]} 16. Bxe4 {[%clk 0:47:33]} Qxe4
{[%clk 0:36:42]} 17. Qg3 {[%clk 0:46:45]} Qg6 {[%clk 0:27:54]} 18. Qf2
{[%clk 0:42:52]} Re2 {[%clk 0:25:15]} 19. Qh4 {[%clk 0:42:56]} Bf5
{[%clk 0:24:20]} 20. Rg1 {[%clk 0:41:55]} f6 {[%clk 0:23:24]} 21. Rae1
{[%clk 0:41:36]} Rae8 {[%clk 0:22:08]} 22. h3 {[%clk 0:39:50]} Bxc2
{[%clk 0:21:08]} 23. Ref1 {[%clk 0:36:55]} Be4 {[%clk 0:19:56]} 24. Rf2
{[%clk 0:37:01]} Rxf2 {[%clk 0:17:56]} 25. Qxf2 {[%clk 0:37:22]} b6
{[%clk 0:17:10]} 26. Re1 {[%clk 0:37:26]} f5 {[%clk 0:16:28]} 27. Kh2
{[%clk 0:36:47]} c5 {[%clk 0:16:20]} 28. Re3 {[%clk 0:37:01]} Re7
{[%clk 0:16:01]} 29. Rg3 {[%clk 0:37:19]} Qe6 {[%clk 0:15:41]} 30. a3
{[%clk 0:37:26]} d5 {[%clk 0:15:49]} 31. Be5 {[%clk 0:37:45]} d4 {[%clk 0:15:40]}
32. Qd2 {[%clk 0:37:28]} Qc4 {[%clk 0:15:05]} 33. b3 {[%clk 0:37:21]} Qc2
{[%clk 0:14:45]} 34. Qe1 {[%clk 0:34:50]} Rd7 {[%clk 0:14:36]} 35. Rg5
{[%clk 0:33:47]} d3 {[%clk 0:13:29]} 36. Qg3 {[%clk 0:33:47]} Qxg2+
{[%clk 0:12:17]} 37. Qxg2 {[%clk 0:33:55]} Bxg2 {[%clk 0:12:36]} 38. Rxg2
{[%clk 0:30:51]} d2 {[%clk 0:12:55]} 39. Rg1 {[%clk 0:30:12]} d1=Q
{[%clk 0:12:52]} 40. Rxd1 {[%clk 0:30:34]} Rxd1 {[%clk 0:13:15]} 0-1

[Event "V4Liptov2018"]
[Site "?"]
[Date "2018.06.24"]
[Round "4.28"]
[White "Andel, Vit"]
[Black "Kostelansky, Karol"]
[Result "0-1"]
[BlackElo "1607"]
[WhiteElo "1520"]
[LiveChessVersion "1.4.8"]

1. e4 {[%clk 1:00:55]} c6 {[%clk 1:00:47]} 2. d4 {[%clk 1:01:06]} d5
{[%clk 1:01:07]} 3. e5 {[%clk 1:01:24]} Bf5 {[%clk 1:01:24]} 4. Bd3
{[%clk 1:01:13]} Bxd3 {[%clk 1:01:18]} 5. Qxd3 {[%clk 1:01:22]} e6
{[%clk 1:01:33]} 6. f4 {[%clk 1:01:31]} Ne7 {[%clk 0:59:23]} 7. Nf3
{[%clk 1:01:45]} Nd7 {[%clk 0:59:23]} 8. Be3 {[%clk 1:01:45]} Nf5
{[%clk 0:58:40]} 9. c3 {[%clk 1:01:43]} c5 {[%clk 0:58:43]} 10. Nbd2
{[%clk 0:59:03]} Rc8 {[%clk 0:58:14]} 11. g4 {[%clk 0:53:47]} Nh4
{[%clk 0:56:28]} 12. h3 {[%clk 0:53:08]} Be7 {[%clk 0:52:32]} 13. Qe2
{[%clk 0:45:34]} a6 {[%clk 0:47:00]} 14. O-O {[%clk 0:43:44]} O-O
{[%clk 0:42:59]} 15. Kh2 {[%clk 0:41:55]} Qb6 {[%clk 0:42:35]} 16. Rab1
{[%clk 0:41:45]} cxd4 {[%clk 0:41:09]} 17. Bxd4 {[%clk 0:41:14]} Nxf3+
{[%clk 0:41:27]} 18. Nxf3 {[%clk 0:41:26]} Bc5 {[%clk 0:41:22]} 19. Qd2
{[%clk 0:40:26]} Bxd4 {[%clk 0:38:38]} 20. Qxd4 {[%clk 0:40:30]} Qxd4
{[%clk 0:38:43]} 21. Nxd4 {[%clk 0:40:33]} Rc4 {[%clk 0:38:51]} 22. Rbc1
{[%clk 0:39:26]} Rfc8 {[%clk 0:39:10]} 23. Rfd1 {[%clk 0:38:36]} b5
{[%clk 0:36:11]} 24. Rd3 {[%clk 0:38:44]} Nc5 {[%clk 0:36:20]} 25. Re3
{[%clk 0:36:54]} Ne4 {[%clk 0:34:02]} 26. Ne2 {[%clk 0:35:23]} b4
{[%clk 0:33:37]} 27. Kg2 {[%clk 0:35:12]} bxc3 {[%clk 0:26:11]} 28. bxc3
{[%clk 0:35:25]} Rb8 {[%clk 0:25:28]} 29. Rc2 {[%clk 0:34:39]} a5
{[%clk 0:22:12]} 30. Kf3 {[%clk 0:34:17]} a4 {[%clk 0:22:14]} 31. Ng3
{[%clk 0:34:00]} Nxg3 {[%clk 0:22:05]} 32. Kxg3 {[%clk 0:34:18]} Rbc8
{[%clk 0:22:07]} 33. Rf3 {[%clk 0:32:33]} d4 {[%clk 0:22:26]} 34. Kf2
{[%clk 0:32:27]} Kf8 {[%clk 0:19:50]} 35. Ke2 {[%clk 0:32:35]} Ke7
{[%clk 0:20:09]} 36. Kd3 {[%clk 0:32:49]} Kd7 {[%clk 0:10:10]} 37. f5
{[%clk 0:30:48]} Rxc3+ {[%clk 0:09:54]} 38. Rxc3 {[%clk 0:30:59]} Rxc3+
{[%clk 0:10:20]} 39. Ke4 {[%clk 0:30:23]} Rxf3 {[%clk 0:10:42]} 40. Kxf3
{[%clk 0:30:45]} Kc6 {[%clk 0:11:09]} 0-1

[Event "V4Liptov2018"]
[Site "?"]
[Date "2018.06.24"]
[Round "4.29"]
[White "Vancura, Jakub"]
[Black "Pogadl, Jakub"]
[Result "1/2-1/2"]
[BlackElo "1647"]
[WhiteElo "1737"]
[LiveChessVersion "1.4.8"]

1. d4 {[%clk 1:00:58]} Nf6 {[%clk 1:00:53]} 2. c4 {[%clk 1:01:24]} g6
{[%clk 1:01:01]} 3. g3 {[%clk 1:01:39]} Bg7 {[%clk 1:01:16]} 4. Bg2
{[%clk 1:01:55]} O-O {[%clk 1:01:01]} 5. Nc3 {[%clk 1:02:18]} d6 {[%clk 1:00:15]}
6. Nf3 {[%clk 1:02:26]} Nbd7 {[%clk 0:59:51]} 7. O-O {[%clk 1:02:25]} c5
{[%clk 0:58:16]} 8. Qc2 {[%clk 0:57:23]} Qb6 {[%clk 0:53:38]} 9. e3
{[%clk 0:48:45]} e6 {[%clk 0:48:43]} 10. b3 {[%clk 0:47:50]} Nb8 {[%clk 0:46:28]}
11. Bb2 {[%clk 0:46:07]} cxd4 {[%clk 0:43:23]} 12. Nxd4 {[%clk 0:42:45]} Nc6
{[%clk 0:42:47]} 13. Na4 {[%clk 0:38:32]} Qc7 {[%clk 0:40:10]} 14. Nb5
{[%clk 0:36:55]} Qe7 {[%clk 0:36:28]} 15. Rad1 {[%clk 0:32:02]} Rd8
{[%clk 0:35:14]} 16. Qd2 {[%clk 0:25:44]} Bf8 {[%clk 0:29:04]} 17. Ba3
{[%clk 0:22:38]} Ne8 {[%clk 0:27:44]} 18. Qc2 {[%clk 0:19:14]} a6
{[%clk 0:24:49]} 19. Nd4 {[%clk 0:18:50]} Nxd4 {[%clk 0:24:06]} 20. Rxd4
{[%clk 0:18:27]} e5 {[%clk 0:21:18]} 21. Rd2 {[%clk 0:17:57]} Be6
{[%clk 0:19:27]} 22. Nb6 {[%clk 0:16:56]} Rab8 {[%clk 0:19:06]} 23. Rfd1
{[%clk 0:16:20]} Qc7 {[%clk 0:18:07]} 24. Nd5 {[%clk 0:15:38]} Bxd5
{[%clk 0:15:31]} 25. Bxd5 {[%clk 0:15:25]} Rbc8 {[%clk 0:14:54]} 26. Rd3
{[%clk 0:13:21]} Qb6 {[%clk 0:10:49]} 27. Qd2 {[%clk 0:12:58]} Rb8
{[%clk 0:09:37]} 28. c5 {[%clk 0:11:43]} Qc7 {[%clk 0:06:29]} 29. cxd6
{[%clk 0:11:33]} Nxd6 {[%clk 0:06:05]} 30. Bxd6 {[%clk 0:11:29]} Bxd6
{[%clk 0:06:15]} 31. Bxf7+ {[%clk 0:11:14]} Kxf7 {[%clk 0:05:51]} 32. Rxd6
{[%clk 0:11:34]} Rxd6 {[%clk 0:06:11]} 33. Qxd6 {[%clk 0:11:59]} Qxd6
{[%clk 0:06:35]} 34. Rxd6 {[%clk 0:12:26]} Ke7 {[%clk 0:06:46]} 35. Rb6
{[%clk 0:11:56]} Kd7 {[%clk 0:05:52]} 36. Kf1 {[%clk 0:12:06]} a5
{[%clk 0:05:22]} 37. Ke2 {[%clk 0:12:23]} e4 {[%clk 0:05:34]} 38. h4
{[%clk 0:09:53]} Kd8 {[%clk 0:04:16]} 39. Kd2 {[%clk 0:08:29]} Ke7
{[%clk 0:03:41]} 40. Kc3 {[%clk 0:08:23]} Kf8 {[%clk 0:02:40]} 41. Kd4
{[%clk 0:08:38]} Rc8 {[%clk 0:02:39]} 42. Kxe4 {[%clk 0:07:21]} Rc2
{[%clk 0:02:54]} 43. a4 {[%clk 0:05:54]} Rxf2 {[%clk 0:03:12]} 44. Rxb7
{[%clk 0:06:16]} Rg2 {[%clk 0:03:11]} 45. Kf3 {[%clk 0:06:14]} Rb2
{[%clk 0:03:29]} 46. e4 {[%clk 0:06:08]} Rb1 {[%clk 0:03:45]} 47. e5
{[%clk 0:06:03]} Re1 {[%clk 0:03:58]} 48. Kf4 {[%clk 0:05:38]} Rf1+
{[%clk 0:04:22]} 49. Kg5 {[%clk 0:05:18]} Rf3 {[%clk 0:04:28]} 50. g4
{[%clk 0:04:43]} Re3 {[%clk 0:04:46]} 51. Kf6 {[%clk 0:04:00]} Rf3+
{[%clk 0:04:56]} 52. Ke6 {[%clk 0:04:13]} Rf4 {[%clk 0:05:20]} 53. Rxh7
{[%clk 0:02:02]} Rxg4 {[%clk 0:05:41]} 54. Kf6 {[%clk 0:02:05]} Kg8
{[%clk 0:06:00]} 55. Rh6 {[%clk 0:01:43]} Rf4+ {[%clk 0:05:25]} 56. Kxg6
{[%clk 0:01:33]} Rg4+ {[%clk 0:05:45]} 57. Kf5 {[%clk 0:01:35]} Rb4
{[%clk 0:05:58]} 58. Ke6 {[%clk 0:00:58]} Rb6+ {[%clk 0:06:14]} 59. Kf5
{[%clk 0:00:42]} Rxh6 {[%clk 0:05:37]} 60. Kg5 {[%clk 0:01:07]} Rh8
{[%clk 0:05:07]} 61. h5 {[%clk 0:01:17]} Kf7 {[%clk 0:05:21]} 62. h6
{[%clk 0:01:26]} Ke6 {[%clk 0:05:28]} 63. Kg6 {[%clk 0:01:40]} Kxe5
{[%clk 0:05:47]} 64. Kg7 {[%clk 0:02:06]} Rxh6 {[%clk 0:06:07]} 65. Kxh6
{[%clk 0:02:30]} Kd4 {[%clk 0:06:31]} 66. Kg5 {[%clk 0:02:57]} Kc3
{[%clk 0:06:12]} 67. Kf4 {[%clk 0:03:24]} Kxb3 {[%clk 0:05:53]} 68. Ke3
{[%clk 0:03:51]} Kxa4 {[%clk 0:01:09]} 69. Kd2 {[%clk 0:04:05]} Ka3
{[%clk 0:00:49]} 70. Kc3 {[%clk 0:03:55]} Ka2 {[%clk 0:01:04]} 71. Kc2
{[%clk 0:04:13]} a4 {[%clk 0:01:25]} 72. Kc1 {[%clk 0:03:45]} a3 {[%clk 0:01:43]}
73. Kc2 {[%clk 0:04:12]} Ka1 {[%clk 0:02:01]} 74. Kb3 {[%clk 0:04:20]} a2
{[%clk 0:02:14]} 75. Kc2 1/2-1/2

[Event "V4Liptov2018"]
[Site "?"]
[Date "2018.06.24"]
[Round "4.30"]
[White "Taragel, Marian"]
[Black "Oplustil, Pavel"]
[Result "1-0"]
[BlackElo "1328"]
[WhiteElo "1609"]
[LiveChessVersion "1.4.8"]

1. e4 {[%clk 1:00:56]} d5 {[%clk 1:00:51]} 2. exd5 {[%clk 1:00:50]} Nf6
{[%clk 1:01:13]} 3. d4 {[%clk 1:00:34]} Nxd5 {[%clk 1:01:34]} 4. Nf3
{[%clk 1:00:32]} g6 {[%clk 1:00:39]} 5. c4 {[%clk 1:00:19]} Nb6 {[%clk 1:00:51]}
6. a4 {[%clk 0:59:19]} a5 {[%clk 0:57:13]} 7. c5 {[%clk 0:58:07]} Nd5
{[%clk 0:57:28]} 8. Bc4 {[%clk 0:56:58]} e6 {[%clk 0:53:13]} 9. Qb3
{[%clk 0:53:50]} Nb4 {[%clk 0:53:37]} 10. O-O {[%clk 0:44:41]} Bg7
{[%clk 0:53:49]} 11. Rd1 {[%clk 0:43:30]} c6 {[%clk 0:41:08]} 12. Nc3
{[%clk 0:40:52]} Nd7 {[%clk 0:39:01]} 13. Bf4 {[%clk 0:37:05]} b6
{[%clk 0:38:45]} 14. Bd6 {[%clk 0:34:33]} Bb7 {[%clk 0:34:57]} 15. Bxe6
{[%clk 0:33:06]} Qf6 {[%clk 0:33:15]} 16. Re1 {[%clk 0:29:21]} Kd8
{[%clk 0:31:01]} 17. Bxf7 {[%clk 0:26:14]} bxc5 {[%clk 0:31:11]} 18. Be7+
{[%clk 0:26:16]} Qxe7 {[%clk 0:31:34]} 19. Rxe7 {[%clk 0:26:37]} Kxe7
{[%clk 0:32:01]} 20. Qe6+ {[%clk 0:26:09]} Kd8 {[%clk 0:32:25]} 21. dxc5
{[%clk 0:25:03]} Nxc5 {[%clk 0:32:23]} 22. Qd6+ {[%clk 0:24:40]} Nd7
{[%clk 0:32:49]} 23. Rd1 {[%clk 0:24:30]} Bc8 {[%clk 0:33:02]} 24. Be6
{[%clk 0:24:31]} Ra7 {[%clk 0:33:27]} 25. Ng5 {[%clk 0:21:28]} Rf8
{[%clk 0:32:50]} 26. Bf7 {[%clk 0:20:40]} Rxf7 27. Nxf7+ {[%clk 0:20:53]} Ke8
{[%clk 0:32:48]} 28. Re1+ {[%clk 0:20:24]} Kxf7 {[%clk 0:32:46]} 29. Qe6+
{[%clk 0:20:43]} Kf8 {[%clk 0:32:01]} 30. Qe8# {[%clk 0:21:02]} 1-0